In the shadow of mountains / (Record no. 353358)
[ view plain ]
| 000 -LEADER | |
|---|---|
| fixed length control field | 00736 a2200241 4500 |
| 003 - CONTROL NUMBER IDENTIFIER | |
| control field | OSt |
| 005 - DATE AND TIME OF LATEST TRANSACTION | |
| control field | 20180116192402.0 |
| 008 - FIXED-LENGTH DATA ELEMENTS--GENERAL INFORMATION | |
| fixed length control field | 120703t xxu||||| |||| 00| 0 eng d |
| 010 ## - LIBRARY OF CONGRESS CONTROL NUMBER | |
| LC control number | 2010275215 |
| 020 ## - INTERNATIONAL STANDARD BOOK NUMBER | |
| International Standard Book Number | 9780714846408 |
| 020 ## - INTERNATIONAL STANDARD BOOK NUMBER | |
| International Standard Book Number | 0714846406 |
| 035 ## - SYSTEM CONTROL NUMBER | |
| System control number | (OCoLC)ocn154782988 |
| 040 ## - CATALOGING SOURCE | |
| Transcribing agency | 0 |
| 082 04 - DEWEY DECIMAL CLASSIFICATION NUMBER | |
| Classification number | 779.99581 |
| 100 1# - MAIN ENTRY--PERSONAL NAME | |
| Personal name | McCurry, Steve. |
| 9 (RLIN) | 5382 |
| 245 10 - TITLE STATEMENT | |
| Title | In the shadow of mountains / |
| Statement of responsibility, etc. | by Steve McCurry. |
| 260 ## - PUBLICATION, DISTRIBUTION, ETC. | |
| Place of publication, distribution, etc. | London ; |
| -- | New York, NY : |
| Name of publisher, distributor, etc. | Phaidon Press, |
| Date of publication, distribution, etc. | 2007. |
| 300 ## - PHYSICAL DESCRIPTION | |
| Extent | 132, [12] p. : |
| Other physical details | col. ill. ; |
| Dimensions | 30 cm. |
| 650 10 - SUBJECT ADDED ENTRY--TOPICAL TERM | |
| Topical term or geographic name entry element | Photographs |
| General subdivision | Afghanistan |
| 9 (RLIN) | 5383 |
| 651 0# - SUBJECT ADDED ENTRY--GEOGRAPHIC NAME | |
| Geographic name | Afghanistan |
| 9 (RLIN) | 5384 |
| 942 ## - ADDED ENTRY ELEMENTS (KOHA) | |
| Institution code [OBSOLETE] | SADA |
| Koha item type | Book |
| Call number prefix | 779.99581 MCC 2007 |
| Source of classification or shelving scheme | |
| 952 ## - LOCATION AND ITEM INFORMATION (KOHA) | |
| -- | BOOK |
| Withdrawn status | Lost status | Source of classification or shelving scheme | Damaged status | Not for loan | Permanent Location | Current Location | Date acquired | Total Checkouts | Total Renewals | Full call number | Barcode | Date last seen | Date last checked out | Cost, replacement price | Price effective from | Koha item type |
|---|---|---|---|---|---|---|---|---|---|---|---|---|---|---|---|---|
| School of Art Design and Architecture (SADA) | School of Art Design and Architecture (SADA) | 06/30/2011 | 2 | 2 | 779.99581 MCC 2007 | SADA0001504 | 12/15/2014 | 12/12/2014 | 3843.00 | 08/05/2011 | Book |
